000 00660nam a22002297a 4500
003 UA-OsUOA
001 40305
007 ta
008 20080608b un ||||| |||| 00| 0 ukr d
100 _aПасічник Т.
090 _a82(477)
_bП19
942 _cBK
040 _aUA-OsUOA
_bukr
_cUA-OsUOA
_dUA-OsUOA
245 _aПсалми Давидові. Їх значення у збірці Тараса Шевченка: "Три літа"
300 _a92 с.
955 _a1
041 _aukr
080 _a82(477)
260 _aІрвінгтон
_c1969
650 7 _a82 Література. Літературознавство
_2UDC
999 _c438831
_d438831